Pierwsze 30 krajów rankingu FIFA (stan na 12.2023) - Statystyki

Ogólne statystyki
  • Ten quiz został rozwiązany 145 razy
  • Średni wynik to 25 z 30
Statystyki odpowiedzi
Pozycja Nazwa kraju Punkty % Poprawnych
1 Argentyna 1855.20
100%
5 Brazylia 1784.09
98%
2 Francja 1845.44
98%
7 Portugalia 1745.06
97%
12 Stany Zjednoczone 1665.27
96%
8 Hiszpania 1732.64
95%
6 Holandia 1745.48
95%
9 Włochy 1718.82
95%
3 Anglia 1800.05
94%
16 Niemcy 1631.22
94%
4 Belgia 1798.46
93%
17 Japonia 1620.19
89%
14 Meksyk 1655.21
89%
10 Chorwacja 1717.57
88%
13 Maroko 1661.69
84%
26 Szwecja 1530.19
84%
24 Austria 1546.10
83%
18 Szwajcaria 1613.44
83%
11 Urugwaj 1665.99
83%
22 Ukraina 1553.35
80%
15 Kolumbia 1651.20
79%
25 Australia 1539.22
78%
19 Dania 1601.31
78%
23 Korea Południowa 1550.65
74%
20 Senegal 1594.31
73%
29 Walia 1521.88
66%
27 Węgry 1525.13
61%
21 Iran 1565.08
57%
30 Algieria 1520.26
48%
28 Tunezja 1523.23
44%
Nie znaleziono quizów pasujących do podanych kryteriów
Rozkład punktacji
Procent ludzi z każdym wynikiem
Percentyl według liczby udzielonych odpowiedzi
Twoja historia wyników
Nie rozwiązałeś tego quizu